Mimari anılarıyla Anıtkabir / (Record no. 14930)

MARC details
000 -BAŞLIK
Sabit Uzunlukta Kontrol Alanı 00793nam a22002177a 4500
999 ## - SİSTEM KONTROL NUMARALARI (KOHA)
Koha Biblionumber 14930
Koha Biblioitemnumber 14930
003 - KONTROL NUMARASI IDENTIFIER
Denetim Alanı MIRAKIL
005 - SON İŞLEM TARİHİ VE ZAMANI
Denetim Alanı 20220601155949.0
008 - SABİT-BOY VERİ ELEMANLARI - GENEL BİLGİLER
Sabit Uzunlukta Kontrol Alanı 220601b tu ||||| |||| 00| 0 tur d
040 ## - KATALOGLAMA KAYNAK
Orijinal Kataloglama Ajansı TR-AnCHP
Kataloglama Dili tur
Metne Dönüştürmek Ajansı TR-AnCHP
082 ## - DEWEY ONLU SINIFLANDIRMA NUMARASI
Sınıflandırma Numarası ATA 725.9
Ürün Numarası A61m 2021
100 ## - ANA GİRİŞ - KİŞİSEL İSİM
Kişisel Ad Arda, M. Ömer
245 ## - BAŞLIK TABLOSU
Başlık Mimari anılarıyla Anıtkabir /
Sorumluluk Tablosu, Vb hazırlayan: M. Ömer Arda; editör : Seda Özen Bilgili ; fotoğraf : Sena Özfiliz
260 ## - YAYIN, DAĞITIM, VB
Yayın, Dağıtım, Vb Yeri Ankara :
Yayıncı, Dağıtıcı, Vs Adı Ankara Büyükşehir Belediyesi;
Yayın, Dağıtım, Vb Tarihi 2021.
300 ## - FİZİKSEL TANIM
Kapsam 213 s.:
Diğer Fiziksel Ayrıntıları fotg.;çiz.; blg.;
Boyutlar 30 sm.
504 ## - KAYNAKÇA VB NOT
Kaynakça Vb Notu Kaynakça vardır.
600 ## - KONU KATMA GİRİŞ - KURUMSAL ADI
Kişisel Ad Atatürk, Mustafa Kemal
Başlıklar Ve Bir Adla İlişkili Diğer Kelimeler Türkiye Cumhuriyeti kurucusu
Bir Adıyla İlişkilendirilen Tarihler 1881-1938
650 ## - KONU KATMA GİRİŞ - TOPİKAL DÖNEM
Topikal Süreli Veya Coğrafi Ad Giriş Elemanı Anıtkabir
Genel Alt Bölümü Mimari açı
700 ## - KATMA GİRİŞ - KİŞİSEL İSİM
9 (RLIN) 7114
Kişisel Ad Bilgili, Seda Özen
Relator Terim ed.
700 ## - KATMA GİRİŞ - KİŞİSEL İSİM
9 (RLIN) 7115
Kişisel Ad Özfiliz, Sena
Relator Terim fotg.
942 ## - EKLENDİ GİRİŞ ELEMANLARI (KOHA)
Sınıflandırma Veya Raf Düzeni Kaynak Dewey Decimal Classification
Koha Öğesi Türü Books
Holdings
Kalıcı Konum Mevcut Konum Edinme Tarihi Toplam Check-Out'Lar Tam Çağrı Numarası Barkod Tarih Son Görülme İtibaren Geçerli Fiyatlar Koha Öğesi Türü
CHP Kütüphanesi CHP Kütüphanesi 06/01/2022   ATA 725.9 A61m 2021 020459 06/01/2022 06/01/2022 Books
CHP Kütüphanesi CHP Kütüphanesi 04/25/2023   ATA 725.9 A61m 2021 020807 04/25/2023 04/25/2023 Books
CHP Kütüphanesi CHP Kütüphanesi 04/25/2023   ATA 725.9 A61m 2021 020808 04/25/2023 04/25/2023 Books